Theories of Nationalism : (Record no. 13289)
[ view plain ]
| 000 -LEADER | |
|---|---|
| fixed length control field | 01400cam a22003134a 4500 |
| 001 - CONTROL NUMBER | |
| control field | 11778301 |
| 005 - DATE AND TIME OF LATEST TRANSACTION | |
| control field | 20050118205710.0 |
| 008 - FIXED-LENGTH DATA ELEMENTS--GENERAL INFORMATION | |
| fixed length control field | 990810s2000nyu |rb 001 0 eng |
| 010 ## - LIBRARY OF CONGRESS CONTROL NUMBER | |
| LC control number | 99042150 |
| 020 ## - INTERNATIONAL STANDARD BOOK NUMBER | |
| International Standard Book Number | 0333777123 (pbk.) |
| 035 ## - SYSTEM CONTROL NUMBER | |
| System control number | (DLC) 99042150 |
| 040 ## - CATALOGING SOURCE | |
| Original cataloging agency | DLC |
| Transcribing agency | DLC |
| Modifying agency | DLC |
| 042 ## - AUTHENTICATION CODE | |
| Authentication code | pcc |
| 050 00 - LIBRARY OF CONGRESS CALL NUMBER | |
| Classification number | JC311 |
| Item number | .O93 2000 |
| 082 00 - DEWEY DECIMAL CLASSIFICATION NUMBER | |
| Classification number | 320.54 |
| Edition number | 22 |
| Item number | OZK |
| 100 1# - MAIN ENTRY--PERSONAL NAME | |
| Personal name | Ozkrml, Umut. |
| 9 (RLIN) | 10993 |
| 245 10 - TITLE STATEMENT | |
| Title | Theories of Nationalism : |
| Remainder of title | A Critical Introduction / |
| Statement of responsibility, etc | Umut Ozkrml ; foreword by Fred Halliday. |
| 260 ## - PUBLICATION, DISTRIBUTION, ETC. (IMPRINT) | |
| Place of publication, distribution, etc | New York : |
| Name of publisher, distributor, etc | St. Martin's Press, 2000 |
| Date of publication, distribution, etc | 2000. |
| 300 ## - PHYSICAL DESCRIPTION | |
| Extent | xi, 253 p. ; |
| Dimensions | 23 cm. |
| 500 ## - GENERAL NOTE | |
| General note | Based on the author's Ph.D. dissertation. |
| 504 ## - BIBLIOGRAPHY, ETC. NOTE | |
| Bibliography, etc | Includes bibliographical references (p. 234-246) and index. |
| 650 #0 - SUBJECT ADDED ENTRY--TOPICAL TERM | |
| Topical term or geographic name as entry element | Nationalism. |
| 9 (RLIN) | 10994 |
| 856 42 - ELECTRONIC LOCATION AND ACCESS | |
| Materials specified | Contributor biographical information |
| Uniform Resource Identifier | <a href="http://www.loc.gov/catdir/bios/hol057/99042150.html">http://www.loc.gov/catdir/bios/hol057/99042150.html</a> |
| 856 42 - ELECTRONIC LOCATION AND ACCESS | |
| Materials specified | Publisher description |
| Uniform Resource Identifier | <a href="http://www.loc.gov/catdir/description/hol056/99042150.html">http://www.loc.gov/catdir/description/hol056/99042150.html</a> |
| 856 41 - ELECTRONIC LOCATION AND ACCESS | |
| Materials specified | Table of contents |
| Uniform Resource Identifier | <a href="http://www.loc.gov/catdir/toc/hol053/99042150.html">http://www.loc.gov/catdir/toc/hol053/99042150.html</a> |
| 942 ## - ADDED ENTRY ELEMENTS (KOHA) | |
| Source of classification or shelving scheme | Dewey Decimal Classification |
| Item type | Book - Borrowing |
| Withdrawn status | Item status | Source of classification or shelving scheme | Damaged status | Not for loan | Vendor | Home library | Current library | Shelving location | Date acquired | Source of acquisition | Cost, normal purchase price | Serial Enumeration / chronology | Total Checkouts | Total Renewals | Full call number | Barcode | Date last seen | Date last borrowed | Koha item type |
|---|---|---|---|---|---|---|---|---|---|---|---|---|---|---|---|---|---|---|---|
| Dewey Decimal Classification | Central Library | Central Library | First floor | 07/02/2010 | 195.00 | 1324 | 7 | 15 | 320.54 OZK | 000019672 | 15/07/2025 | 24/03/2019 | Book - Borrowing |